00786nam a22002177a 45000010005000000030006000050050017000110080041000280400030000690500016000990820012001151000026001272450046001532600039001993000025002385050007002635200230002705210026005005210026005267000016005523415FISKH20240304151557.0240304b cb ||||| |||| 00| 0 eng d aFISK beng cFISK dFISK  aPZ7.H87398  a823.914 aHughes Tedd1930-1998 aHow the whale became and other stories /  aNew York : bFaber & Faber, c1963 a107 pages : b20 cm  aM  aA collection of creation stories explaining why owls hunt at night, why the dog was chosen to guard farm animals, why polar bears live at the North Pole, and how the elephant came to accept its unique and wonderful qualities 8 a600 bLexile estimate8 aMbRaz-Plus estimate  aTed Hughes